Moderní formy direct marketingu

Medzi moderné formy direct marketingových nástrojov patria predovšetkým nástroje úzko späté s prostredím Internetu a svetom komunikačných technológií. Medzi nové formy, ktoré sa rýchlo presadzujú, zaraďuje sa tiež e-mail, reklamné bannery, www stránky, FAQ sekcie, diskusné fóra a konferencie, www fo...

Descrizione completa

Salvato in:
Dettagli Bibliografici
Autore principale: Palátová, Dagmar
Natura: Capitolo di libro
Lingua:ceco
Soggetti:
Tags: Aggiungi Tag
Nessun Tag, puoi essere il primo ad aggiungerne!!

MARC

LEADER 00000naa$a2200000$$$4500
001 0033188
005 20221019113048.4
041 0 |a cze 
044 |a SK 
245 1 0 |a Moderní formy direct marketingu  |c Dagmar Palátová 
520 |a Medzi moderné formy direct marketingových nástrojov patria predovšetkým nástroje úzko späté s prostredím Internetu a svetom komunikačných technológií. Medzi nové formy, ktoré sa rýchlo presadzujú, zaraďuje sa tiež e-mail, reklamné bannery, www stránky, FAQ sekcie, diskusné fóra a konferencie, www formuláre, interaktívne komunikačné systémy, vernostné programy a telemarketing s využitím mobilých telefónov. 
610 2 0 |a marketing priamy 
610 2 0 |a nástroje marketingové 
610 2 0 |a komunikácia 
610 2 0 |a komunikácia marketingová 
610 2 0 |a technológie komunikačné 
610 2 0 |a internet 
610 2 0 |a reklama 
610 2 0 |a pošta elektronická 
100 1 |a Palátová, Dagmar